000 00448nam a22001937a 4500
005 20230719131356.0
008 230718b |||||||| |||| 00| 0 eng d
020 _a8185749299
041 0 _aeng
082 0 4 _a621.38
_bGUP
100 1 _aJ.B.Gupta
245 1 0 _aA Course in Electrical Technology (Part II)
250 _a13TH
260 _aNEW DELHI
_bKataria
_c2002
300 _aVI;1237
500 _a5
650 0 _aElectrical
942 _cBK
999 _c61094
_d61094